| 000 | 01988nam a2200325 i 4500 | ||
|---|---|---|---|
| 003 | DO-SdBNP | ||
| 005 | 20240704114906.0 | ||
| 007 | ta | ||
| 008 | 210702e2010 dr ac||ery||| 001 u spa d | ||
| 020 | _a9789945470000 | ||
| 040 |
_aDO-SdBNP _bspa _cBNPHU _erda |
||
| 041 | _hspa | ||
| 082 | 4 |
_a324.6097293 _bR426m, 2009-2010 _222 |
|
| 110 | 1 |
_aRepública Dominicana. _b Junta Central Electoral _e Escuela Nacional de Formación Electroral y del Estado Civil. _964605 |
|
| 245 | 1 | 2 |
_aMemorias de la Escuela Nacional de Formación Electoral y del Estado Civil (EFEC) 2009-2010 / _ccompilado por Lissette Pamela Santana ; prólogo, Aura Celeste Fernández Rodríguez |
| 264 |
_aSanto Domingo : _bJunta Central Electoral, _bEscuela Nacional de Formación Electroral y del Estado Civil, _c2010. |
||
| 300 |
_a448 páginas : _b ilustraciones, fotos y retratos. _c25 cm |
||
| 336 |
_2rdacontent _atexto _btxt |
||
| 337 |
_2rdamedia _asin mediación _bn |
||
| 338 |
_2rdacarrier _avolumen _bnc |
||
| 505 | 0 | 0 |
_aPrólogo. _gCapítulo I: _tLa EFEC : institución, estrategias y políticas de formación.-- _gCapítulo II: _tProgramas implementados.-- _gCapítulo III: _tConvenios.-- _gCapítulo IV: _tBiblioteca.-- _gCapítulo V: _tActividades académicas de extensión.-- _gCapítulo VI: _tPublicaciones.-- _gCapítulo VII: _tReporte financiero.-- _gCapítulo VIII: _tLogros, planes futuros y proyecciones.-- _gCapítulo IX: _tDiscursos.-- _gCapítulo X: _tNormativa.-- _gCapítulo XI: _tAgenda institucional. |
| 590 | _aInventariado 2021 / MF | ||
| 610 | 1 | 4 |
_aRepública Dominicana. _bJunta Central Electoral _bEscuela Nacional de Formación Electoral y del Estado Civil _v2009-2010 _979271 |
| 651 | 4 |
_aRepública Dominicana _xPolítica y gobierno _y2009-2010 _979270 |
|
| 700 | 1 | 2 |
_aSantana , Lissette Pamela, _ecompiladora _979075 |
| 700 | 1 | 2 |
_aFernández Rodríguez, Aura Celeste, _d1959- _epról. _976547 |
| 700 | 2 |
_922136 _aPaulino, Nurys _eed. |
|
| 910 | _aValidado. Control de calidad MFF | ||
| 942 |
_2ddc _cLBS1 |
||
| 999 |
_c50036 _d50036 |
||